Majstrovstvá Slovenska v latine opäť v znamení Kežmarčanov z Fortuny

Bibliographic Details
Main Author: Pastorek, Peter (Author)
Format: Article
Language:Slovak
PhysicalDescription:Fotogr.
Subjects:

MARC

LEADER 00000nab a2200000 ar4500
001 vtls010443073
003 SK-MaSNL
005 20260426055925.0
008 171109c2012 xo mr|p|||||||000 b|slo
038 |a PPPK 
040 |a PPPKCL  |b slo  |c PPPKCL  |e AACR2 
041 0 |a slo 
044 |a xo  |c SK 
080 |a 793.33  |x (437.6)  |2 2001 
080 |a 78.085.3  |2 2001 
100 1 |a Pastorek, Peter  |4 aut  |9 371679 
245 1 0 |a Majstrovstvá Slovenska v latine opäť v znamení Kežmarčanov z Fortuny  |c Ing. Peter Pastorek 
300 |b Fotogr. 
610 2 7 |a Fortuna (tanečná skupina : Poprad, Slovensko)  |2 pppkcl  |9 1104227 
611 2 7 |a Majstrovstvá Slovenska v latinsko-amerických tancoch  |d (2012 :  |c Martin, Slovensko)  |2 pppkcl  |9 1242625 
648 7 |a 18.2.2012  |2 pppkcl  |9 1104536 
650 0 7 |a šport  |2 snkbucl  |9 1042 
650 0 7 |a spoločenské tance  |2 pppkcl  |9 29452 
650 0 7 |a latinskoamerické tance  |2 pppkcl  |9 75641 
651 7 |a Poprad (Slovensko)  |2 pppkcl  |9 20155 
651 7 |a Martin (Slovensko)  |2 pppkcl  |9 16875 
773 0 |t Kežmarok  |g Roč. XX, č. 4 (2012), s. 15 
852 |a PPPK  |b KIS3GCP 
999 |c 2201007  |d 2202937